| 000 | 00612nam a2200205 u 4500 | ||
|---|---|---|---|
| 005 | 20220528063545.0 | ||
| 008 | 100428s2003 r 000 0 eng d | ||
| 020 | _a8439280939 | ||
| 035 | _aUPN01000175609 | ||
| 049 | _aI | ||
| 050 | 4 |
_aPQ6666 U3.7 _bO3.6 |
|
| 100 | 1 |
_aPuerto, Carlos, _d1942- _930387 |
|
| 245 | 1 | 4 |
_aLos ojos bisojos de César / _cCarlos Puerto ; il. Gabriela Rubio. |
| 260 |
_aMadrid : _bGaviota, _c2003. |
||
| 300 |
_a176 p. : _bil. col. |
||
| 440 | 4 |
_aLos siete enigmas ; _v5 |
|
| 650 | 0 |
_aLiteratura juvenil española _912359 |
|
| 650 | 0 |
_aHistorias de aventuras _94131 |
|
| 905 | _aLibro | ||
| 999 |
_c147713 _d147713 |
||